000 00816nam a22002417a 4500
001 13077
003 HDC
007 cr bn ---
008 210212 my |0 eneng
040 _aHDC
245 0 _aMasterCard-CrescentRating :
_bMuslim Travel Shopping Index 2015 /
_cby MasterCard & CrescentRating
260 _a[no place] :
_bMasterCard-CrescentRating,
_c2015
300 _a33 pages
336 _atext
_2rdacontent
337 _acomputer
_2rdamedia
338 _aonline resource
_2rdacarrier
650 _ashopping index
_913919
650 _aTourism
_9880
856 _zRequest full-text at [email protected]
942 _2lcc
942 _cEBOOK
942 _kEBOK 002048
999 _c10393
_d10393